000 00288nam a2200097Ia 4500
008 241105s9999 xx 000 0 und d
041 _aeng
100 _aGawade Kashmira
_9182671
245 _aLandscape Development Approach For A Windfram At Devgadh
260 _bM Arch Landscape, Pune
_c2014
999 _c360962
_d360962